000 00581nam a22001937a 4500
999 _c173302
_d173302
005 20200224123215.0
010 _aENG-127879
020 _a9788188995417
_c595.00
035 _aEN-111411
037 _bDBAD/PUB
082 _a363.720954
100 _aM.K.Singh
245 _aSwachh Bharat Abhiyan/
_cby M.K.Singh
260 _aNew Delhi
_bGyandeep Prakashan
_c2019
270 _a689/3,Mehrauli, Near Roopanwala Kuan,
_bNew Delhi
_e110030
300 _avii;178p.
_c23cm (hb)
500 _aIncludes Bibliography and Index
942 _2ddc
_cEN
_h363.720954
_mSIN